[Event "Wch U18"]
[Site "Montesilvano"]
[Date "2023.11.22"]
[Round "9"]
[White "Khoder, Akram"]
[Black "Amilal, Munkhdalai"]
[Result "0-1"]
[WhiteElo "2191"]
[BlackElo "2404"]
[PlyCount "76"]
[EventDate "2023.11.13"]
[EventType "swiss"]
[EventRounds "11"]
[EventCountry "ITA"]
[SourceTitle "CB48_2023"]
[SourceDate "2023.11.29"]
[SourceVersion "1"]
[SourceVersionDate "2023.11.29"]
[SourceQuality "1"]

1. d4 Nf6 2. c4 e6 3. g3 d5 4. Bg2 dxc4 5. Nf3 a6 6. 0-0 Nc6 7. Nbd2 Nxd4 8. Nxc4 Nxf3+ 9. Bxf3 Bd6 10. Bg2 Bf8 11. Bf3 Bd6 12. Bg2 Bf8 13. Bf3 Bd6 14. Qb3 0-0 15. Na5 Qd7 16. Rd1 e5 17. Bxb7 Bxb7 18. Qxb7 Qa4 19. Nb3 e4 20. Rd4 Qd7 21. Rc4 Qa4 22. Rd4 Qd7 23. Rc4 Qa4 24. Rd4 Qd7 25. Rc4 Qh3 26. Nd2 Qd7 27. Nb3 Qh3 28. Nd2 Qd7 29. Nb3 Qh3 30. Nd2 Rab8 31. Nb3 Ra8 32. Nd2 Rab8 33. Nb3 Ra8 34. Nd2 Rab8 35. Qa7 Rb5 36. Nf1 Ng4 37. Qd4 Re8 38. f4 exf3 0-1

[Event "Wch U18"]
[Site "Montesilvano"]
[Date "2023.11.17"]
[Round "5"]
[White "Khoder, Akram"]
[Black "Popov, Konstantin"]
[Result "0-1"]
[WhiteElo "2191"]
[BlackElo "2345"]
[PlyCount "116"]
[EventDate "2023.11.13"]
[EventType "swiss"]
[EventRounds "11"]
[EventCountry "ITA"]
[SourceTitle "CB48_2023"]
[SourceDate "2023.11.29"]
[SourceVersion "1"]
[SourceVersionDate "2023.11.29"]
[SourceQuality "1"]

1. e4 c5 2. Nf3 d6 3. Bc4 Nf6 4. d3 Nc6 5. c3 g6 6. a4 Bg7 7. 0-0 0-0 8. Re1 b6 9. d4 cxd4 10. cxd4 d5 11. Bb5 Bd7 12. e5 Ne8 13. Nc3 Nc7 14. Bxc6 Bxc6 15. b4 Rc8 16. Qb3 Ne6 17. Bd2 Ba8 18. a5 Rc4 19. Ne2 b5 20. Be3 f6 21. Nf4 Nxf4 22. Bxf4 g5 23. exf6 exf6 24. Bg3 Bc6 25. Nd2 Rxd4 26. Qc3 Rc4 27. Nxc4 dxc4 28. Rad1 Qa8 29. Re7 Rf7 30. Rxf7 Kxf7 31. f3 Qe8 32. Bf2 a6 33. Re1 Qd7 34. Qd4 Bf8 35. Qxd7+ Bxd7 36. Rd1 Bf5 37. Be1 Bd3 38. Bc3 Bd6 39. Re1 Bb8 40. g3 h5 41. Kg2 Bd6 42. Rh1 Bc7 43. Kf2 h4 44. Rg1 h3 45. Ke3 Ke6 46. Re1 Bb8 47. Kd2+ Kf7 48. Bd4 Bf5 49. Ke3 Bd7 50. f4 gxf4+ 51. gxf4 Kg6 52. Bc5 Kf5 53. Rf1 Bc6 54. Kd4 Kg4 55. Ke3 c3 56. Rf2 f5 57. Bd4 c2 58. Bb2 Ba7+ 0-1

[Event "Wch U18"]
[Site "Montesilvano"]
[Date "2023.11.16"]
[Round "4"]
[White "Dzida, Kamil"]
[Black "Khoder, Akram"]
[Result "1/2-1/2"]
[WhiteElo "2399"]
[BlackElo "2191"]
[PlyCount "144"]
[EventDate "2023.11.13"]
[EventType "swiss"]
[EventRounds "11"]
[EventCountry "ITA"]
[SourceTitle "CB48_2023"]
[SourceDate "2023.11.29"]
[SourceVersion "1"]
[SourceVersionDate "2023.11.29"]
[SourceQuality "1"]

1. e4 c5 2. Nf3 Nc6 3. Bb5 g6 4. Bxc6 dxc6 5. 0-0 Bg7 6. d3 Qc7 7. h3 e5 8. Be3 b6 9. a4 a5 10. Nfd2 Be6 11. f4 exf4 12. Bxf4 Qd7 13. Na3 b5 14. axb5 cxb5 15. c4 Ne7 16. Nxb5 0-0 17. Qe2 a4 18. e5 Nc6 19. Ne4 Nd4 20. Qe3 Nc2 21. Qg3 Nxa1 22. Rxa1 f6 23. Re1 fxe5 24. Bxe5 Bf5 25. Nxc5 Bxe5 26. Qxe5 Qg7 27. Qxg7+ Kxg7 28. Nd6 Rfb8 29. Re2 a3 30. bxa3 Rxa3 31. d4 Bd3 32. Re7+ Kh6 33. Nf7+ Kh5 34. Re3 Rf8 35. Ne5 Ra1+ 36. Kh2 Bf1 37. Ne4 Ra2 38. Ng3+ Kh6 39. Ng4+ Kg7 40. Re7+ Kh8 41. Nxf1 Rxf1 42. c5 h5 43. Ne5 Rff2 44. Nxg6+ Kg8 45. Nh4 Rf4 46. c6 Rxh4 47. c7 Rc2 48. d5 Rd4 49. Re8+ Kg7 50. c8Q Rxc8 51. Rxc8 Rxd5 52. Kg3 Kg6 53. Rc6+ Kg7 54. Kf4 Ra5 55. Re6 Ra2 56. g3 h4 57. g4 Rh2 58. Re3 Kg6 59. Re6+ Kg7 60. Kg5 Rxh3 61. Re7+ Kg8 62. Kg6 Kf8 63. Ra7 Rh1 64. g5 h3 65. Ra8+ Ke7 66. Rh8 h2 67. Rh3 Kf8 68. Rf3+ Kg8 69. Rf2 Ra1 70. Rxh2 Ra6+ 71. Kh5 Kg7 72. Rb2 Ra7 1/2-1/2

[Event "LBN-ch"]
[Site "Beirut"]
[Date "2023.11.06"]
[Round "6"]
[White "Kassis, Antoine"]
[Black "Khoder, Akram"]
[Result "1-0"]
[WhiteElo "2148"]
[BlackElo "2191"]
[PlyCount "43"]
[EventDate "2023.10.30"]
[EventType "swiss"]
[EventRounds "9"]
[EventCountry "LBN"]
[SourceTitle "CB46_2023"]
[SourceDate "2023.11.15"]
[SourceVersion "1"]
[SourceVersionDate "2023.11.15"]
[SourceQuality "1"]

1. e4 c5 2. Nf3 e6 3. d4 cxd4 4. Nxd4 a6 5. c4 Nf6 6. Nc3 Bb4 7. Qc2 Qc7 8. a3 Bc5 9. Nb3 Be7 10. Be2 d6 11. 0-0 b6 12. Be3 Nbd7 13. Rac1 Bb7 14. f4 Rc8 15. Nd2 h6 16. b4 g5 17. f5 Rg8 18. Qb3 h5 19. fxe6 fxe6 20. c5 dxc5 21. Qxe6 Qe5 22. Rxf6 1-0

[Event "LBN-ch"]
[Site "Beirut"]
[Date "2023.10.30"]
[Round "1"]
[White "Khoder, Akram"]
[Black "Kassar, Paul"]
[Result "1-0"]
[WhiteElo "2191"]
[BlackElo "1456"]
[PlyCount "101"]
[EventDate "2023.10.30"]
[EventType "swiss"]
[EventRounds "9"]
[EventCountry "LBN"]
[SourceTitle "CB46_2023"]
[SourceDate "2023.11.15"]
[SourceVersion "1"]
[SourceVersionDate "2023.11.15"]
[SourceQuality "1"]

1. d4 d6 2. Nf3 c6 3. e4 Qc7 4. Bc4 e5 5. c3 Bg4 6. Nbd2 Nf6 7. dxe5 dxe5 8. a4 a5 9. h3 Bh5 10. Qe2 Nbd7 11. Nf1 Nc5 12. Ng3 Bg6 13. Nd2 Bd6 14. 0-0 0-0 15. Re1 Rfe8 16. Qf3 Qc8 17. Bf1 Bc7 18. Qd1 Rd8 19. Qc2 Ne6 20. Nc4 h6 21. Be3 Nd7 22. Rad1 b5 23. Nd6 Qb8 24. Ndf5 Kh7 25. Qc1 Bb6 26. Bxh6 Bxf5 27. exf5 Nf4 28. Bxf4 exf4 29. Ne4 bxa4 30. Ng5+ Kg8 31. Bc4 Ne5 32. Nxf7 Nxf7 33. Re7 Rxd1+ 34. Qxd1 Ra7 35. Bxf7+ Kf8 36. Re8+ Qxe8 37. Bxe8 Kxe8 38. Qxa4 Rc7 39. Qxf4 Kf7 40. Qe5 Re7 41. Qf4 Bc7 42. Qc4+ Kf8 43. Kf1 Rf7 44. Qxc6 Kg8 45. Qe8+ Rf8 46. Qe6+ Kh8 47. Qe7 Rc8 48. f6 gxf6 49. Qxf6+ Kh7 50. Qf5+ Kg7 51. Qxc8 1-0

[Event "Titled Tuesday intern op 25th Apr Early"]
[Site "Chess.com INT"]
[Date "2023.04.25"]
[Round "5"]
[White "Tsyhanchuk, Stanislav"]
[Black "Khoder, Akram"]
[Result "0-1"]
[WhiteElo "2273"]
[BlackElo "2179"]
[PlyCount "52"]
[EventDate "2023.04.25"]
[EventType "swiss (blitz)"]
[EventRounds "11"]
[EventCountry "USA"]
[SourceTitle "EXT 2024"]
[Source "ChessBase"]
[SourceDate "2023.10.10"]
[SourceVersion "1"]
[SourceVersionDate "2023.10.10"]
[SourceQuality "1"]

1. c4 c6 2. Nc3 d5 3. e3 Nf6 4. Nf3 g6 5. d4 Bg7 6. cxd5 cxd5 7. Be2 0-0 8. 0-0 Nc6 9. a3 Bf5 10. b4 a6 11. Bd2 Rc8 12. Qb3 Ne4 13. Nxe4 dxe4 14. Ne1 Be6 15. Qb1 Qd5 16. Nc2 b5 17. a4 h5 18. axb5 axb5 19. Na3 Na7 20. f3 Bf5 21. Qb2 e5 22. fxe4 Bxe4 23. Bf3 exd4 24. Bxe4 Qxe4 25. Qb3 dxe3 26. Bxe3 Rc3 0-1

[Event "Beirut op 11th"]
[Site "Beirut"]
[Date "2022.11.14"]
[Round "4"]
[White "Attieh, Skye"]
[Black "Khoder, Akram"]
[Result "0-1"]
[WhiteElo "1476"]
[BlackElo "2134"]
[PlyCount "112"]
[EventDate "2022.11.12"]
[EventType "swiss"]
[EventRounds "9"]
[EventCountry "LBN"]
[SourceTitle "CBM 211 Extra"]
[Source "ChessBase"]
[SourceDate "2023.01.31"]
[SourceVersion "1"]
[SourceVersionDate "2023.01.31"]
[SourceQuality "1"]

1. e4 c5 2. Nc3 e6 3. g3 d5 4. exd5 exd5 5. d4 Be6 6. Bg2 Nf6 7. f4 Nc6 8. Nf3 Rc8 9. Ne2 cxd4 10. Nexd4 Bg4 11. Nxc6 bxc6 12. Qd3 Bc5 13. Ne5 0-0 14. h3 Bd7 15. Be3 Qb6 16. Bxc5 Qxc5 17. Qc3 Qb6 18. Qb3 Qc5 19. Qc3 Qxc3+ 20. bxc3 Bf5 21. Rc1 Be4 22. 0-0 Bxg2 23. Kxg2 Ne4 24. c4 f6 25. Ng4 Nd2 26. Rfe1 Nxc4 27. Re7 Rf7 28. Rce1 Nd6 29. R1e6 Kf8 30. Rxf7+ Kxf7 31. Re3 Rb8 32. Ra3 Nb5 33. Ra6 Rb6 34. Rxb6 axb6 35. Kf2 Nc3 36. a3 Nb1 37. Ne3 Nxa3 38. Ke2 Nc4 39. Nxc4 dxc4 40. Ke3 c5 41. f5 Ke7 42. Ke4 Kd6 43. g4 b5 44. c3 b4 45. cxb4 cxb4 46. Kd4 b3 47. Kc3 Ke5 48. Kb2 Kd4 49. h4 Kd3 50. g5 c3+ 51. Kc1 b2+ 52. Kb1 Kd2 53. gxf6 c2+ 54. Ka2 b1Q+ 55. Ka3 Kc3 56. f7 Qb3# 0-1

[Event "Olympiad-44"]
[Site "Chennai"]
[Date "2022.08.08"]
[Round "10.4"]
[White "Montes Orozco, Miguel Angel"]
[Black "Khoder, Akram"]
[Result "1-0"]
[WhiteElo "2070"]
[BlackElo "2038"]
[PlyCount "69"]
[EventDate "2022.07.29"]
[EventType "team-swiss"]
[EventRounds "11"]
[EventCountry "IND"]
[SourceTitle "CBM 210"]
[Source "ChessBase"]
[SourceDate "2022.10.31"]
[SourceVersion "1"]
[SourceVersionDate "2022.10.31"]
[SourceQuality "1"]
[WhiteTeam "Mexico"]
[BlackTeam "Lebanon"]
[WhiteTeamCountry "MEX"]
[BlackTeamCountry "LBN"]

1. d4 Nf6 2. c4 g6 3. Nc3 d5 4. Nf3 Bg7 5. Qb3 dxc4 6. Qxc4 0-0 7. e4 a6 8. Qb3 c5 9. dxc5 Qa5 10. Qb6 Qxb6 11. cxb6 Nbd7 12. Bd3 Nxb6 13. Be3 Rd8 14. Rd1 Nfd7 15. 0-0 Bxc3 16. bxc3 Na4 17. Bc4 Nb2 18. Rd4 Nxc4 19. Rxc4 Nf6 20. a4 b5 21. axb5 axb5 22. Rb4 Ra4 23. Re1 Ba6 24. Bc5 Rd7 25. Ne5 Rc7 26. Nd3 Ra3 27. Bd4 Nd7 28. h4 h5 29. Reb1 Ra2 30. R4b2 Ra5 31. Nb4 Bb7 32. Nd5 Bxd5 33. exd5 b4 34. Rxb4 Rxd5 35. Rb8+ 1-0

[Event "Ankara Baskent Univ op-A 5th"]
[Site "Ankara"]
[Date "2022.07.04"]
[Round "5"]
[White "Tarhan, Adar"]
[Black "Khoder, Akram"]
[Result "1-0"]
[WhiteElo "2201"]
[BlackElo "2038"]
[PlyCount "67"]
[EventDate "2022.07.02"]
[EventType "swiss"]
[EventRounds "9"]
[EventCountry "TUR"]
[SourceTitle "CBM 209 Extra"]
[Source "ChessBase"]
[SourceDate "2022.09.30"]
[SourceVersion "1"]
[SourceVersionDate "2022.09.30"]
[SourceQuality "1"]

1. e4 c5 2. Nf3 e6 3. d4 cxd4 4. Nxd4 a6 5. Bd3 Bc5 6. Nb3 Ba7 7. Qe2 Ne7 8. Be3 0-0 9. Nc3 d6 10. 0-0-0 b5 11. e5 d5 12. Bxa7 Rxa7 13. h4 b4 14. Nb1 a5 15. Qe3 Nbc6 16. h5 Nf5 17. Bxf5 exf5 18. Qc5 Qc7 19. Rxd5 Be6 20. Rd6 Rc8 21. Rhd1 h6 22. Rxc6 Qxc6 23. Rd8+ Kh7 24. Rxc8 Qe4 25. Rd8 Ra8 26. Rd4 Qxg2 27. Rd1 Rc8 28. Qe3 a4 29. Nd4 Bxa2 30. Qf4 g6 31. hxg6+ fxg6 32. Nxf5 g5 33. Qxb4 Rc7 34. Qd6 1-0

[Event "Ankara Baskent Univ op-A 5th"]
[Site "Ankara"]
[Date "2022.07.02"]
[Round "1"]
[White "Caputcuoglu, Zeki Berke"]
[Black "Khoder, Akram"]
[Result "1-0"]
[WhiteElo "2203"]
[BlackElo "2038"]
[PlyCount "79"]
[EventDate "2022.07.02"]
[EventType "swiss"]
[EventRounds "9"]
[EventCountry "TUR"]
[SourceTitle "CBM 209 Extra"]
[Source "ChessBase"]
[SourceDate "2022.09.30"]
[SourceVersion "1"]
[SourceVersionDate "2022.09.30"]
[SourceQuality "1"]

1. e4 c5 2. Nf3 e6 3. d4 cxd4 4. Nxd4 a6 5. Bd3 Bc5 6. Nb3 Ba7 7. Bf4 Ne7 8. c4 d6 9. Nc3 Nbc6 10. Be2 e5 11. Bg5 Be6 12. Qd2 0-0 13. 0-0 Nd4 14. Nxd4 Bxd4 15. Rac1 Rc8 16. b3 h6 17. Be3 Nc6 18. Rfd1 Qf6 19. Bf1 Qg6 20. f3 Bc5 21. Qf2 f5 22. exf5 Bxf5 23. Bxc5 dxc5 24. Qg3 Qxg3 25. hxg3 Nd4 26. Bd3 b5 27. Bxf5 Rxf5 28. Kf2 h5 29. Ne4 Rff8 30. cxb5 axb5 31. Rxc5 Rxc5 32. Nxc5 Rc8 33. Rc1 Ra8 34. a4 bxa4 35. bxa4 Rb8 36. Nd3 Rb3 37. Rc8+ Kh7 38. Nxe5 Nf5 39. Nc4 Rc3 40. Nd6 1-0

[Event "Arab-ch U18"]
[Site "Baghdad"]
[Date "2022.03.11"]
[Round "2"]
[White "Moazaz, Dhahir Habeeb"]
[Black "Khoder, Akram"]
[Result "1/2-1/2"]
[WhiteElo "2109"]
[BlackElo "2041"]
[PlyCount "76"]
[EventDate "2022.03.10"]
[EventType "swiss"]
[EventRounds "9"]
[EventCountry "IRQ"]
[SourceTitle "EXT 2023"]
[Source "ChessBase"]
[SourceDate "2022.10.05"]
[SourceVersion "1"]
[SourceVersionDate "2022.10.05"]
[SourceQuality "1"]

1. c4 g6 2. Nc3 c5 3. g3 Bg7 4. Bg2 Nc6 5. Nf3 e6 6. d4 cxd4 7. Nb5 d5 8. cxd5 exd5 9. Nbxd4 Nf6 10. 0-0 0-0 11. Nxc6 bxc6 12. Be3 Re8 13. Bd4 Ba6 14. Re1 Ne4 15. Bxg7 Kxg7 16. Rc1 Qb6 17. Qd4+ Qxd4 18. Nxd4 c5 19. Nb3 Bc4 20. Bxe4 Rxe4 21. Nxc5 Rxe2 22. Rxe2 Bxe2 23. f4 d4 24. Kf2 Bg4 25. Nd3 Be6 26. b3 a5 27. Rd1 a4 28. Nc5 axb3 29. Nxe6+ fxe6 30. axb3 Ra2+ 31. Kf3 Rxh2 32. Rxd4 Rb2 33. Rd3 Kf6 34. Ke4 g5 35. fxg5+ Kxg5 36. Re3 Kf6 37. Kd4 e5+ 38. Kc5 e4 1/2-1/2

[Event "Arab-ch U18"]
[Site "Baghdad"]
[Date "2022.03.10"]
[Round "1"]
[White "Khoder, Akram"]
[Black "Boulaares, Adam"]
[Result "1-0"]
[WhiteElo "2041"]
[BlackElo "1735"]
[PlyCount "43"]
[EventDate "2022.03.10"]
[EventType "swiss"]
[EventRounds "9"]
[EventCountry "IRQ"]
[SourceTitle "EXT 2023"]
[Source "ChessBase"]
[SourceDate "2022.10.05"]
[SourceVersion "1"]
[SourceVersionDate "2022.10.05"]
[SourceQuality "1"]

1. d4 d5 2. c4 e6 3. Nf3 Nf6 4. g3 Be7 5. Bg2 0-0 6. 0-0 b6 7. Ne5 Bb7 8. Qc2 c5 9. dxc5 Bxc5 10. Rd1 Qc7 11. Bf4 Bd6 12. Nc3 a6 13. cxd5 Nxd5 14. Bxd5 Bxd5 15. Rac1 Bb7 16. Na4 Qxc2 17. Rxc2 Be4 18. Rcc1 Bxe5 19. Bxe5 b5 20. Nb6 Ra7 21. Bxb8 Rb7 22. Bc7 1-0

[Event "Arab-ch"]
[Site "Dubai"]
[Date "2021.11.27"]
[Round "2"]
[White "Khoder, Akram"]
[Black "Msellek, Ilyass"]
[Result "0-1"]
[WhiteElo "1963"]
[BlackElo "2384"]
[PlyCount "44"]
[EventDate "2021.11.26"]
[EventType "swiss"]
[EventRounds "9"]
[EventCountry "UAE"]
[SourceTitle "CBM 205 Extra"]
[Source "ChessBase"]
[SourceDate "2022.01.31"]
[SourceVersion "1"]
[SourceVersionDate "2022.01.31"]
[SourceQuality "1"]

1. d4 d6 2. Nf3 Nf6 3. c4 g6 4. g3 Bg7 5. Bg2 0-0 6. Nc3 c6 7. e4 Nfd7 8. 0-0 a6 9. a3 b5 10. Be3 bxc4 11. Nd2 Nb6 12. d5 c5 13. Qe2 a5 14. f4 N8d7 15. h3 e6 16. e5 exd5 17. Nxd5 Ba6 18. Nc3 d5 19. Bxd5 Nxd5 20. Nxd5 c3 21. Nc4 Nxe5 22. b3 Nxc4 0-1

[Event "Arab-ch"]
[Site "Dubai"]
[Date "2021.11.26"]
[Round "1"]
[White "Koniahli, Malek"]
[Black "Khoder, Akram"]
[Result "1/2-1/2"]
[WhiteElo "2255"]
[BlackElo "1963"]
[PlyCount "70"]
[EventDate "2021.11.26"]
[EventType "swiss"]
[EventRounds "9"]
[EventCountry "UAE"]
[SourceTitle "CBM 205 Extra"]
[Source "ChessBase"]
[SourceDate "2022.01.31"]
[SourceVersion "1"]
[SourceVersionDate "2022.01.31"]
[SourceQuality "1"]

1. c4 Nf6 2. Nc3 e6 3. e4 d5 4. cxd5 exd5 5. e5 d4 6. exf6 dxc3 7. Bb5+ c6 8. Qe2+ Be6 9. Bc4 Qxf6 10. dxc3 Bc5 11. Bxe6 Qxe6 12. Qxe6+ fxe6 13. Nf3 h6 14. 0-0 Nd7 15. Re1 Kf7 16. Bf4 Rad8 17. Rad1 Bb6 18. h4 Rhe8 19. Rxd7+ Rxd7 20. Ne5+ Ke7 21. Nxd7 Kxd7 22. Rd1+ Kc8 23. Rd2 h5 24. Re2 Kd7 25. g3 Rf8 26. Kg2 Rf5 27. Be5 g6 28. f4 Rf7 29. Kf3 Bd8 30. Rd2+ Ke8 31. Ke4 Rd7 32. Rg2 Kf7 33. g4 hxg4 34. Rxg4 Bf6 35. Rg2 Rd1 1/2-1/2

[Event "Saida Shamieh op"]
[Site "Saida"]
[Date "2021.08.17"]
[Round "1"]
[White "Khoder, Akram"]
[Black "Salman, Fatima"]
[Result "1-0"]
[WhiteElo "1879"]
[BlackElo "1022"]
[PlyCount "67"]
[EventDate "2021.08.17"]
[EventType "swiss"]
[EventRounds "7"]
[EventCountry "LBN"]
[SourceTitle "CBM 204 Extra"]
[Source "ChessBase"]
[SourceDate "2021.11.30"]
[SourceVersion "1"]
[SourceVersionDate "2021.11.30"]
[SourceQuality "1"]

1. d4 c6 2. c4 d5 3. Nf3 Nf6 4. Nbd2 Bf5 5. Nh4 e6 6. Nxf5 exf5 7. e3 Nbd7 8. Bd3 g6 9. 0-0 Bg7 10. b3 0-0 11. Ba3 Re8 12. Rc1 Rc8 13. b4 b6 14. cxd5 cxd5 15. Qa4 a5 16. Rxc8 Qxc8 17. bxa5 Qc3 18. Bb5 Rd8 19. Bb4 Qc7 20. a6 Ra8 21. Nb3 Qa7 22. Rc1 h6 23. Bd6 Bf8 24. Rc7 Qb8 25. Bxd7 Bxd6 26. Rc8+ Qxc8 27. Bxc8 Rxc8 28. a7 Kg7 29. a8Q Rc4 30. Q4a7 Ne4 31. Qxd5 Rc7 32. Qxb6 Nd2 33. Nxd2 Rc1+ 34. Nf1 1-0

[Event "Kaspersky op U16"]
[Site "Tornelo INT"]
[Date "2021.04.02"]
[Round "8"]
[White "Khoder, Akram"]
[Black "Prokofiev, Valentyn"]
[Result "0-1"]
[WhiteElo "1966"]
[BlackElo "2104"]
[PlyCount "164"]
[EventDate "2021.04.02"]
[EventType "swiss (blitz)"]
[EventRounds "11"]
[EventCountry "RUS"]
[SourceTitle "CBM 201 Extra"]
[Source "ChessBase"]
[SourceDate "2021.05.31"]
[SourceVersion "1"]
[SourceVersionDate "2021.05.31"]
[SourceQuality "1"]

1. d4 Nf6 2. c4 e6 3. g3 d5 4. Nf3 Be7 5. Bg2 0-0 6. 0-0 dxc4 7. Qa4 a6 8. Qxc4 b5 9. Qc2 Bb7 10. Bd2 Be4 11. Qc1 Nbd7 12. Bg5 Rc8 13. Nbd2 Ba8 14. Nb3 h6 15. Be3 Nd5 16. Rd1 Nxe3 17. Qxe3 Nb6 18. Nc5 Nc4 19. Qc3 Bxc5 20. dxc5 Qf6 21. Qxf6 gxf6 22. b3 Na3 23. Nd4 Bxg2 24. Kxg2 c6 25. Rd2 Kg7 26. Rad1 b4 27. Nf3 Nb5 28. Rd7 Nc3 29. R1d2 Ne4 30. R2d4 Nxc5 31. Ra7 Rb8 32. Rc4 Rb7 33. Rxb7 Nxb7 34. Rxb4 Nd6 35. Rb6 a5 36. Rxc6 Ne4 37. Nd4 Rd8 38. e3 Ra8 39. Kf3 f5 40. g4 Ng5+ 41. Kg3 fxg4 42. Kxg4 Kf6 43. h4 Ne4 44. Kf3 Ke5 45. Rc7 Nd6 46. Rc5+ Kf6 47. Ke2 Ne4 48. Rc7 Rg8 49. Rc2 Rg1 50. Kd3 Nd6 51. Nc6 Nb7 52. Rc4 Ra1 53. Ra4 Nc5+ 54. Kc4 Nxa4 55. bxa4 Rxa2 56. Kb5 Rxf2 57. Nxa5 Rh2 58. Nc4 Rxh4 59. a5 Rg4 60. a6 h5 61. a7 Rg8 62. Nb6 Kg7 63. Kc6 h4 64. Kc7 h3 65. Nc8 h2 66. a8Q Rh8 67. Qh1 Rh6 68. Nd6 Kf6 69. Ne4+ Ke5 70. Ng5 Kf6 71. Nf3 Ke7 72. Nxh2 Rg6 73. Qe4 Rg8 74. Qg2 Rxg2 75. Nf3 Rc2+ 76. Kb6 Rc3 77. Kb5 Rxe3 78. Nd4 f5 79. Kc4 f4 80. Nc6+ Kf6 81. Kd4 e5+ 82. Kd5 f3 0-1

[Event "Kaspersky op U16"]
[Site "Tornelo INT"]
[Date "2021.04.02"]
[Round "2"]
[White "Shirodkar, Aayush"]
[Black "Khoder, Akram"]
[Result "1/2-1/2"]
[WhiteElo "1563"]
[BlackElo "1966"]
[PlyCount "184"]
[EventDate "2021.04.02"]
[EventType "swiss (blitz)"]
[EventRounds "11"]
[EventCountry "RUS"]
[SourceTitle "CBM 201 Extra"]
[Source "ChessBase"]
[SourceDate "2021.05.31"]
[SourceVersion "1"]
[SourceVersionDate "2021.05.31"]
[SourceQuality "1"]

1. e4 c5 2. d4 cxd4 3. c3 Nf6 4. e5 Nd5 5. cxd4 Nc6 6. Nc3 Nxc3 7. bxc3 d6 8. exd6 Qxd6 9. Nf3 g6 10. h3 Bg7 11. Bd3 0-0 12. 0-0 Rd8 13. Bc4 e5 14. Bg5 Rd7 15. dxe5 Nxe5 16. Nxe5 Qxe5 17. Qc1 Qxc3 18. Re1 Qxc1 19. Raxc1 h6 20. Re8+ Kh7 21. Be3 Rc7 22. Bb3 Rxc1+ 23. Bxc1 a5 24. Bxf7 g5 25. Bd5 Kg6 26. Be6 Bxe6 27. Rxa8 Bxa2 28. Rxa5 Bc4 29. Rc5 b5 30. Bd2 Bd4 31. Rc6+ Kg7 32. g4 Bf6 33. Bb4 Bd4 34. Rd6 Be5 35. Ra6 Bd4 36. Kg2 Be5 37. Kf3 Bf4 38. Ke4 Bf1 39. Kf5 Kf7 40. Ra7+ Ke8 41. Kf6 Kd8 42. Ba5+ Kc8 43. Kg6 Bxh3 44. Kxh6 Bxg4 45. Kg6 Be2 46. Re7 Bd3+ 47. Kf7 Bc4+ 48. Kf6 Kb8 49. Kf5 Kc8 50. Bb4 Bd3+ 51. Ke6 Bc4+ 52. Kf5 Kd8 53. Ra7 Kc8 54. Ke4 Kb8 55. Rg7 Kc8 56. Kd4 Kd8 57. Be7+ Ke8 58. Bxg5 Bd6 59. Be3 Ba3 60. Rb7 Bb2+ 61. Kc5 Ba3+ 62. Kb6 Bb2 63. Kc6 Be2 64. Kd6 Ba3+ 65. Ke6 Bc4+ 66. Kf6 Bb2+ 67. Kf5 Kd8 68. f4 Kc8 69. Ra7 Bc3 70. Bc5 b4 71. Ke4 b3 72. Ba3 b2 73. Bxb2 Bxb2 74. Ra4 Bb5 75. Rb4 Bc6+ 76. Kf5 Ba3 77. Rc4 Kd7 78. Kf6 Bb2+ 79. Kg6 Bd5 80. Rb4 Bc3 81. Ra4 Bb3 82. Ra3 Bc2+ 83. f5 Bb4 84. Ra7+ Kd6 85. Ra6+ Ke5 86. Re6+ Kf4 87. Rf6 Bc3 88. Rf8 Bb4 89. Rf6 Bc3 90. Rf7 Be5 91. Kh6 Bxf5 92. Rxf5+ Kxf5 1/2-1/2

[Event "Aley Hariri Rapid Cup"]
[Site "Aley"]
[Date "2021.03.21"]
[Round "7"]
[White "Khoder, Akram"]
[Black "Habash, Mohamad"]
[Result "1-0"]
[WhiteElo "1791"]
[BlackElo "1810"]
[PlyCount "59"]
[EventDate "2021.03.20"]
[EventType "tourn (rapid)"]
[EventRounds "11"]
[EventCountry "LBN"]
[SourceTitle "EXT 2022"]
[Source "ChessBase"]
[SourceDate "2021.10.06"]
[SourceVersion "1"]
[SourceVersionDate "2021.10.06"]
[SourceQuality "1"]

1. d4 Nf6 2. c4 e6 3. g3 d5 4. Nf3 c6 5. Bg2 Nbd7 6. b3 b6 7. 0-0 Bb7 8. Qc2 Be7 9. Rd1 0-0 10. Nc3 a5 11. e4 dxe4 12. Nxe4 Nxe4 13. Qxe4 Nf6 14. Qc2 b5 15. Ne5 Rc8 16. Bf4 Qb6 17. a4 Rfd8 18. c5 Qa7 19. b4 Nd5 20. Bxd5 Rxd5 21. axb5 cxb5 22. Rxa5 Ba6 23. Rda1 Rxd4 24. Rxa6 Qb7 25. Ra7 Qd5 26. Rxe7 Rd8 27. Nxf7 Rf8 28. Ng5 Rd3 29. Nxe6 Rb8 30. Bxb8 1-0

[Event "Wch FIDE Online U16 Asia qual"]
[Site "Tornelo INT"]
[Date "2020.12.12"]
[Round "5"]
[White "Khoder, Akram"]
[Black "Hamad, Bader"]
[Result "1-0"]
[WhiteElo "1966"]
[BlackElo "1685"]
[PlyCount "97"]
[EventDate "2020.12.11"]
[EventType "swiss (rapid)"]
[EventRounds "7"]
[EventCountry "ISS"]
[SourceTitle "EXT 2022"]
[Source "ChessBase"]
[SourceDate "2021.10.06"]
[SourceVersion "1"]
[SourceVersionDate "2021.10.06"]
[SourceQuality "1"]

1. Nf3 Nf6 2. c4 e6 3. g3 a6 4. Bg2 b5 5. cxb5 axb5 6. Nd4 c6 7. Nxb5 cxb5 8. Bxa8 d5 9. Qc2 Bd7 10. 0-0 Qb6 11. Nc3 b4 12. Nd1 Qa7 13. Bxd5 exd5 14. d3 Be7 15. Bf4 0-0 16. Ne3 Qb7 17. Rfc1 Nc6 18. Nf5 Re8 19. Nxe7+ Rxe7 20. e3 h6 21. Qc5 Re8 22. d4 Re6 23. a4 g5 24. Be5 Nxe5 25. dxe5 Ne4 26. Qd4 g4 27. a5 Ra6 28. Kg2 Be6 29. Ra4 b3 30. Rb4 Qa7 31. Qxa7 Rxa7 32. Rb5 Nd2 33. Rc6 Nc4 34. a6 Nxb2 35. Rxb3 Nc4 36. Rb7 Ra8 37. a7 d4 38. Rb8+ Kg7 39. Rxe6 Rxa7 40. Rc6 Nxe5 41. Rd6 dxe3 42. fxe3 Ra2+ 43. Kf1 Nf3 44. Rb7 Ra1+ 45. Ke2 Re1+ 46. Kf2 Rb1 47. Rxb1 Ng5 48. Rd4 Ne6 49. Rxg4+ 1-0